Central Library OPAC University of Rajshahi

Elementary statistics in social research / (Record no. 22441)

MARC details
000 -LEADER
fixed length control field 00838nam a22002894a 4500
001 - CONTROL NUMBER
control field 22441
003 - CONTROL NUMBER IDENTIFIER
rucl marc code BD-RjUL
005 - DATE AND TIME OF LATEST TRANSACTION
control field 20211209000815.0
008 - FIXED-LENGTH DATA ELEMENTS--GENERAL INFORMATION
fixed length control field 140308s2000 maua s 001 0 eng
020 ## - INTERNATIONAL STANDARD BOOK NUMBER
International Standard Book Number 0321044606
035 ## - SYSTEM CONTROL NUMBER
System control number (BD-RjUL)22506
040 ## - CATALOGING SOURCE
Original cataloging agency DLC
Transcribing agency DLC
Modifying agency DLC
-- BD-RjUL
Language of cataloging eng
041 ## - LANGUAGE CODE
Language code of text/sound track or separate title eng
082 00 - DEWEY DECIMAL CLASSIFICATION NUMBER
Classification number 519.50243
Edition number 21
Author mark and year LEE 2000
100 1# - MAIN ENTRY--PERSONAL NAME
Personal name Levin, Jack,
Dates associated with a name 1941-
9 (RLIN) 69308
245 10 - TITLE STATEMENT
Title Elementary statistics in social research /
Statement of responsibility, etc. Jack Levin, James Alan Fox.
250 ## - EDITION STATEMENT
Edition statement 8th ed.
260 ## - PUBLICATION, DISTRIBUTION, ETC. (IMPRINT)
Place of publication, distribution, etc. Boston :
Name of publisher, distributor, etc. Allyn and Bacon,
Date of publication, distribution, etc. c2000.
300 ## - PHYSICAL DESCRIPTION
Pagination xiv, 465 p. :
Illustrations ill. ;
Size 25 cm.
504 ## - BIBLIOGRAPHY, ETC. NOTE
Bibliography, etc Includes index.
650 #0 - SUBJECT ADDED ENTRY--TOPICAL TERM
Topical term or geographic name as entry element Social sciences
General subdivision Statistical methods.
9 (RLIN) 904
Topical term or geographic name as entry element Statistics.
9 (RLIN) 69309
700 1# - ADDED ENTRY--PERSONAL NAME
Personal name Fox, James Alan.
942 ## - ADDED ENTRY ELEMENTS (KOHA)
Source of classification or shelving scheme Dewey Decimal Classification
Koha item type Books
Holdings
Lost status Source of classification or shelving scheme Damaged status Not for loan Collection code Permanent Location Current Location Shelving location Date acquired Source of acquisition Cost, normal purchase price Total Checkouts Full call number Date last seen Copy number Koha item type
  Dewey Decimal Classification     Non-fiction Central Library, University of Rajshahi Central Library, University of Rajshahi   16/05/2007 Dhaka, Paragon Enterprises Ltd. 90.00   519.50243 LEE 2000 08/03/2014 C-3 Books
  Dewey Decimal Classification     Non-fiction Central Library, University of Rajshahi Central Library, University of Rajshahi   16/05/2007 Paragon enterprise 90.00   519.50243 LEE 2000 01/09/2016 C-4 Books